000 00972nam a2200241 a 4500
001 000048275
005 20240307073949.0
008 181211s2001 dr 000 p spa d
020 _a9993477001
040 _aDO-SdBNP
_bspa
_cBNPHU
082 _axxx
_bR6962il
100 1 _aRodríguez Ramírez, Nicolás,
_d1963-
_967277
245 1 0 _aIlusiones, penas y nostalgias /
_cNicolás Rodríguez Ramírez ; prólogo Adriano de la Cruz.
246 1 0 _aIlusiones, penas y nostalgias :
_bpoemas
260 _aSanto Domingo :
_bUniversitaria-UASD,
_c2001.
300 _a84 p. ;
_c20 cm.
490 1 _aPublicaciones de la Universidad Autónoma de Santo Domingo
_v1035
500 _aIncluye datos biográficos del autor en la solapa de la contracubierta
590 _aInventariado, 2019/LP
700 1 _aCruz, Adriano de la,
_epról.
_97194
710 1 _aUniversidad Autónoma de Santo Domingo
_972951
830 _aPubliacaciones de la Universidad Autónoma de Santo Domingo
_956533
999 _c47763
_d47763